<?xml version="1.0" encoding="UTF-8"?>
<record
    xmlns:xsi="http://www.w3.org/2001/XMLSchema-instance"
    xsi:schemaLocation="http://www.loc.gov/MARC21/slim http://www.loc.gov/standards/marcxml/schema/MARC21slim.xsd"
    xmlns="http://www.loc.gov/MARC21/slim">

  <leader>01100nam a2200313Ia 4500</leader>
  <controlfield tag="001">dia_2317</controlfield>
  <controlfield tag="003">CHAP</controlfield>
  <controlfield tag="005">20251027153206.0</controlfield>
  <controlfield tag="008">220117s1980    xx            000 0 und d</controlfield>
  <datafield tag="010" ind1=" " ind2=" ">
    <subfield code="a">172839</subfield>
  </datafield>
  <datafield tag="020" ind1=" " ind2=" ">
    <subfield code="a">968-25-0707-6</subfield>
  </datafield>
  <datafield tag="040" ind1=" " ind2=" ">
    <subfield code="c">CHAP</subfield>
  </datafield>
  <datafield tag="082" ind1=" " ind2=" ">
    <subfield code="a">658 H47 1980</subfield>
  </datafield>
  <datafield tag="100" ind1=" " ind2=" ">
    <subfield code="a">Hern&#xE1;ndez y Rodr&#xED;guez, Sergio</subfield>
    <subfield code="9">54754</subfield>
  </datafield>
  <datafield tag="245" ind1=" " ind2=" ">
    <subfield code="a">Fundamentos de administraci&#xF3;n  /</subfield>
    <subfield code="c"> Sergio Hern&#xE1;ndez y Rodr&#xED;guez y Nicol&#xE1;s Ballesteros Inda</subfield>
  </datafield>
  <datafield tag="260" ind1=" " ind2=" ">
    <subfield code="a">M&#xE9;xico  :</subfield>
    <subfield code="b"> Interamericana,</subfield>
    <subfield code="c">1980</subfield>
  </datafield>
  <datafield tag="300" ind1=" " ind2=" ">
    <subfield code="a">xvi, 421 p.</subfield>
  </datafield>
  <datafield tag="500" ind1=" " ind2=" ">
    <subfield code="a">Curso de universidad abierta. Texto apegado a los programas oficiales vigentes</subfield>
  </datafield>
  <datafield tag="503" ind1=" " ind2=" ">
    <subfield code="a">I. 142727 (ej.1) \ I. 142725 (ej.2) \ I. 142730 (ej.3) \ I. 142728 (ej.4) \ I. 142724 (ej.6) \   I. 142731 (ej.7)</subfield>
  </datafield>
  <datafield tag="504" ind1=" " ind2=" ">
    <subfield code="a">Bibliograf&#xED;a: p. 399</subfield>
  </datafield>
  <datafield tag="590" ind1=" " ind2=" ">
    <subfield code="a">HD30 H47 1980</subfield>
  </datafield>
  <datafield tag="650" ind1=" " ind2=" ">
    <subfield code="a">Administraci&#xF3;n  </subfield>
    <subfield code="9">918</subfield>
  </datafield>
  <datafield tag="650" ind1=" " ind2=" ">
    <subfield code="a">Management</subfield>
    <subfield code="9">149975</subfield>
  </datafield>
  <datafield tag="700" ind1=" " ind2=" ">
    <subfield code="a">Ballesteros Inda, Nicol&#xE1;s, coaut.</subfield>
    <subfield code="9">152570</subfield>
  </datafield>
  <datafield tag="901" ind1=" " ind2=" ">
    <subfield code="a">658 H47 1980</subfield>
  </datafield>
  <datafield tag="902" ind1=" " ind2=" ">
    <subfield code="a">M</subfield>
  </datafield>
  <datafield tag="905" ind1=" " ind2=" ">
    <subfield code="a">5231271980                          mx in  8222223322spa16</subfield>
  </datafield>
  <datafield tag="942" ind1=" " ind2=" ">
    <subfield code="c">LIBRO</subfield>
    <subfield code="2">ddc</subfield>
  </datafield>
  <datafield tag="999" ind1=" " ind2=" ">
    <subfield code="c">172839</subfield>
    <subfield code="d">172839</subfield>
  </datafield>
  <datafield tag="952" ind1=" " ind2=" ">
    <subfield code="0">0</subfield>
    <subfield code="1">0</subfield>
    <subfield code="2">ddc</subfield>
    <subfield code="4">0</subfield>
    <subfield code="5">1</subfield>
    <subfield code="7">0</subfield>
    <subfield code="8">GRAL</subfield>
    <subfield code="a">IA_</subfield>
    <subfield code="b">IA_</subfield>
    <subfield code="d">1988-11-08</subfield>
    <subfield code="e">Compra Librer&#xED;a Patena F. 3000 / R. 21504 (8/Nov/88)</subfield>
    <subfield code="g">23264.50</subfield>
    <subfield code="i">142731</subfield>
    <subfield code="l">6</subfield>
    <subfield code="o">658 H47 1980</subfield>
    <subfield code="p">dia_002890</subfield>
    <subfield code="r">2026-03-02 18:32:21</subfield>
    <subfield code="s">2026-03-02</subfield>
    <subfield code="t">Ej. 5</subfield>
    <subfield code="y">LIBRO</subfield>
  </datafield>
  <datafield tag="952" ind1=" " ind2=" ">
    <subfield code="0">0</subfield>
    <subfield code="1">0</subfield>
    <subfield code="2">ddc</subfield>
    <subfield code="4">0</subfield>
    <subfield code="5">1</subfield>
    <subfield code="7">0</subfield>
    <subfield code="8">GRAL</subfield>
    <subfield code="a">IA_</subfield>
    <subfield code="b">IA_</subfield>
    <subfield code="d">1988-11-08</subfield>
    <subfield code="e">Compra Librer&#xED;a Patena F. 3000 / R. 21504 (8/Nov/88)</subfield>
    <subfield code="g">23264.50</subfield>
    <subfield code="i">142727</subfield>
    <subfield code="l">1</subfield>
    <subfield code="o">658 H47 1980</subfield>
    <subfield code="p">dia_002883</subfield>
    <subfield code="r">2023-05-30 00:00:00</subfield>
    <subfield code="s">2023-05-30</subfield>
    <subfield code="t">Ej. 1</subfield>
    <subfield code="y">LIBRO</subfield>
  </datafield>
  <datafield tag="952" ind1=" " ind2=" ">
    <subfield code="0">0</subfield>
    <subfield code="1">0</subfield>
    <subfield code="2">ddc</subfield>
    <subfield code="4">0</subfield>
    <subfield code="5">5</subfield>
    <subfield code="7">0</subfield>
    <subfield code="8">GRAL</subfield>
    <subfield code="a">IA_</subfield>
    <subfield code="b">IA_</subfield>
    <subfield code="d">1988-11-08</subfield>
    <subfield code="e">Compra Librer&#xED;a Patena F. 3000 / R. 21504 (8/Nov/88)</subfield>
    <subfield code="g">23264.50</subfield>
    <subfield code="i">142725</subfield>
    <subfield code="l">1</subfield>
    <subfield code="o">658 H47 1980</subfield>
    <subfield code="p">dia_002884</subfield>
    <subfield code="r">2023-05-30 00:00:00</subfield>
    <subfield code="s">2023-05-30</subfield>
    <subfield code="t">Ej. 2</subfield>
    <subfield code="y">LIBRO</subfield>
  </datafield>
  <datafield tag="952" ind1=" " ind2=" ">
    <subfield code="0">0</subfield>
    <subfield code="1">0</subfield>
    <subfield code="2">ddc</subfield>
    <subfield code="4">0</subfield>
    <subfield code="5">5</subfield>
    <subfield code="7">0</subfield>
    <subfield code="8">GRAL</subfield>
    <subfield code="a">IA_</subfield>
    <subfield code="b">IA_</subfield>
    <subfield code="d">1988-11-08</subfield>
    <subfield code="e">Compra Librer&#xED;a Patena F. 3000 / R. 21504 (8/Nov/88)</subfield>
    <subfield code="g">23264.50</subfield>
    <subfield code="i">142730</subfield>
    <subfield code="l">0</subfield>
    <subfield code="o">658 H47 1980</subfield>
    <subfield code="p">dia_002885</subfield>
    <subfield code="r">2022-01-18 00:00:00</subfield>
    <subfield code="t">Ej. 3</subfield>
    <subfield code="y">LIBRO</subfield>
  </datafield>
  <datafield tag="952" ind1=" " ind2=" ">
    <subfield code="0">0</subfield>
    <subfield code="1">0</subfield>
    <subfield code="2">ddc</subfield>
    <subfield code="4">0</subfield>
    <subfield code="5">5</subfield>
    <subfield code="7">0</subfield>
    <subfield code="8">GRAL</subfield>
    <subfield code="a">IA_</subfield>
    <subfield code="b">IA_</subfield>
    <subfield code="d">1988-11-08</subfield>
    <subfield code="e">Compra Librer&#xED;a Patena F. 3000 / R. 21504 (8/Nov/88)</subfield>
    <subfield code="g">23264.50</subfield>
    <subfield code="i">142728</subfield>
    <subfield code="l">1</subfield>
    <subfield code="o">658 H47 1980</subfield>
    <subfield code="p">dia_002886</subfield>
    <subfield code="r">2026-04-07 18:50:40</subfield>
    <subfield code="s">2026-04-07</subfield>
    <subfield code="t">Ej. 4</subfield>
    <subfield code="y">LIBRO</subfield>
  </datafield>
  <datafield tag="952" ind1=" " ind2=" ">
    <subfield code="0">0</subfield>
    <subfield code="1">0</subfield>
    <subfield code="2">ddc</subfield>
    <subfield code="4">0</subfield>
    <subfield code="5">5</subfield>
    <subfield code="7">0</subfield>
    <subfield code="8">GRAL</subfield>
    <subfield code="a">IA_</subfield>
    <subfield code="b">IA_</subfield>
    <subfield code="d">1988-11-08</subfield>
    <subfield code="e">Compra Librer&#xED;a Patena F. 3000 / R. 21504 (8/Nov/88)</subfield>
    <subfield code="g">23264.50</subfield>
    <subfield code="i">142726</subfield>
    <subfield code="l">1</subfield>
    <subfield code="o">658 H47 1980</subfield>
    <subfield code="p">dia_002888</subfield>
    <subfield code="r">2026-04-07 18:30:35</subfield>
    <subfield code="s">2026-04-07</subfield>
    <subfield code="t">Ej. 6</subfield>
    <subfield code="y">LIBRO</subfield>
  </datafield>
  <datafield tag="952" ind1=" " ind2=" ">
    <subfield code="0">0</subfield>
    <subfield code="1">0</subfield>
    <subfield code="2">ddc</subfield>
    <subfield code="4">0</subfield>
    <subfield code="5">1</subfield>
    <subfield code="7">0</subfield>
    <subfield code="8">GRAL</subfield>
    <subfield code="a">IA_</subfield>
    <subfield code="b">IA_</subfield>
    <subfield code="d">1988-11-08</subfield>
    <subfield code="e">Compra Librer&#xED;a Patena F. 3000 / R. 21504 (8/Nov/88)</subfield>
    <subfield code="g">23264.50</subfield>
    <subfield code="i">142724</subfield>
    <subfield code="l">0</subfield>
    <subfield code="o">658 H47 1980</subfield>
    <subfield code="p">dia_002889</subfield>
    <subfield code="r">2022-01-18 00:00:00</subfield>
    <subfield code="t">Ej. 7</subfield>
    <subfield code="y">LIBRO</subfield>
  </datafield>
</record>
